000 01307nam a2200337Ia 4500
001 ebr10684552
003 CaPaEBR
006 m u
007 cr cn|||||||||
008 080123r20111911enka sb 001 0 eng d
020 _z1905246803 (hbk.)
020 _z9781905246809 (hbk.)
020 _z9789004217904
040 _aCaPaEBR
_cCaPaEBR
035 _a(OCoLC)810278432
050 1 4 _aHD2056
_b.K56 2011eb
082 0 4 _a630.951
_223
100 1 _aKing, F. H.
_q(Franklin Hiram),
_d1848-1911.
245 1 0 _aFarmers of forty centuries, or, Permanent agriculture in China, Korea and Japan
_h[electronic resource] /
_cF.H. King.
260 _aFolkestone :
_bGlobal Oriental,
_c2011.
300 _aix, 441 p. :
_bill.
500 _aOriginally published 1911 by Rodale Press, Pennsylvania.
504 _aIncludes index.
533 _aElectronic reproduction.
_bPalo Alto, Calif. :
_cebrary,
_d2013.
_nAvailable via World Wide Web.
_nAccess may be limited to ebrary affiliated libraries.
650 0 _aAgriculture
_zChina.
650 0 _aAgriculture
_zKorea.
650 0 _aAgriculture
_zJapan.
655 7 _aElectronic books.
_2local
710 2 _aebrary, Inc.
856 4 0 _uhttp://site.ebrary.com/lib/rucke/Doc?id=10684552
_zAn electronic book accessible through the World Wide Web; click to view
999 _c12873
_d12873